East European Quarterly
Na minha lista:
| Formato: | Periódico |
|---|---|
| Idioma: | inglês |
| Publicado em: |
Boulder
University of Colorado
|
| Assuntos: | |
| Tags: |
Sem tags, seja o primeiro a adicionar uma tag!
|
MARC
| LEADER | 00000nas1a22000001 4500 | ||
|---|---|---|---|
| 001 | s120139 | ||
| 005 | 20230608110351.1 | ||
| 022 | |a 0012-8449 | ||
| 022 | |a 2469-4827 | ||
| 041 | 0 | |a eng | |
| 044 | |a US | ||
| 245 | 1 | 0 | |a East European Quarterly |
| 264 | 1 | |a Boulder |b University of Colorado | |
| 610 | 2 | 0 | |a politika |
| 610 | 2 | 0 | |a vzťahy politické medzinárodné |
| 610 | 2 | 0 | |a situácia hospodárska |